000 00439nam a2200181Ia 4500
001 15546
005 20260306170204.0
008 260306t2019||||xx |||||||||||||| ||und||
041 _aESP
082 _a543
_bS746 2019
100 _aSkoog, Douglas A.
_eAUT
245 0 _aPrincipios de análisis instrumental
260 _c2019
300 _axx, 866 páginas :
_c27 cm.
650 _aGEN
654 _aCCN
942 _cLIB
_dJUS
_fJUS
_2ddc
_n
999 _c15546
_d15546